<?xml version="1.0" encoding="UTF-8"?>
<collection xmlns:xsi="http://www.w3.org/2001/XMLSchema-instance" xsi:schemaLocation="http://www.loc.gov/MARC21/slim http://www.loc.gov/standards/marcxml/schema/MARC21slim.xsd" xmlns="http://www.loc.gov/MARC21/slim">
 <record>
  <leader>00000cam a22000004i 4500</leader>
  <controlfield tag="001">UP-99796217613057671</controlfield>
  <controlfield tag="003">Buklod</controlfield>
  <controlfield tag="005">20240814134827.0</controlfield>
  <controlfield tag="006">m    |o  d |      </controlfield>
  <controlfield tag="007">ta</controlfield>
  <controlfield tag="008">240814s2017    nyud   fr     001 0 eng  </controlfield>
  <datafield tag="020" ind1=" " ind2=" ">
   <subfield code="a">9781138183414 (pbk.)</subfield>
  </datafield>
  <datafield tag="035" ind1=" " ind2=" ">
   <subfield code="a">(iLib)UPD-00409864642</subfield>
  </datafield>
  <datafield tag="037" ind1=" " ind2=" ">
   <subfield code="a">Pu-29586</subfield>
   <subfield code="c">PhP5,950.00</subfield>
  </datafield>
  <datafield tag="040" ind1=" " ind2=" ">
   <subfield code="a">DCornell</subfield>
   <subfield code="d">DCPA</subfield>
   <subfield code="e">rda</subfield>
  </datafield>
  <datafield tag="041" ind1=" " ind2=" ">
   <subfield code="a">eng</subfield>
  </datafield>
  <datafield tag="090" ind1=" " ind2=" ">
   <subfield code="a">HJ 2005</subfield>
   <subfield code="b">S35 2017</subfield>
  </datafield>
  <datafield tag="100" ind1="1" ind2=" ">
   <subfield code="a">Schiavo-Campo, Salvatore</subfield>
   <subfield code="e">author.</subfield>
  </datafield>
  <datafield tag="245" ind1="1" ind2="0">
   <subfield code="a">Government budgeting and expenditure management</subfield>
   <subfield code="b">principles and international practice</subfield>
   <subfield code="c">Salvatore Schiavo-Campo.</subfield>
  </datafield>
  <datafield tag="264" ind1=" " ind2="1">
   <subfield code="a">New York</subfield>
   <subfield code="b">Routledge</subfield>
   <subfield code="c">2017.</subfield>
  </datafield>
  <datafield tag="300" ind1=" " ind2=" ">
   <subfield code="a">xxv, 390 pages</subfield>
   <subfield code="c">26 cm</subfield>
  </datafield>
  <datafield tag="336" ind1=" " ind2=" ">
   <subfield code="a">text</subfield>
   <subfield code="2">rdacontent</subfield>
  </datafield>
  <datafield tag="337" ind1=" " ind2=" ">
   <subfield code="a">unmediated</subfield>
   <subfield code="2">rdamedia</subfield>
  </datafield>
  <datafield tag="338" ind1=" " ind2=" ">
   <subfield code="a">volume</subfield>
   <subfield code="2">rdacarrier</subfield>
  </datafield>
  <datafield tag="504" ind1=" " ind2=" ">
   <subfield code="a">Includes bibliographical references and index.</subfield>
  </datafield>
  <datafield tag="505" ind1="0" ind2=" ">
   <subfield code="a">The government budget: mirror of society's choices. -- Budgeting objectives, systems, budget classification and the legal framework -- Budget coverage, extra-budgetary operations and tax expenditures. -- Fiscal risk, fiscal responsibility and fiscal rules. -- Budgeting in macroeconomic and fiscal perspective. -- Preparation and approval of the budget. -- Budgeting and managing public investment. -- Budget execution: compliance, adaptability, efficiency. -- Public procurement. -- Financing the budget: debt and aid management. -- Accountability for the money: accounting, reporting and audit. -- Accountability for the results: performance, monitoring and evaluation. -- Reforming and strengthening public financial management. -- Fiscal decentralization and budgeting at subnational government level. -- Reconstructing public financial institutions in fragile and conflict-affected states. -- Corruption and public financial management. -- &quot;Black boxes&quot;: extractive revenue and military expenditure.</subfield>
  </datafield>
  <datafield tag="520" ind1="0" ind2=" ">
   <subfield code="a">The government budget should be the financial mirror of society's choices. Yet most people view budgeting as the epitome of eye-glazing subjects, rarely explained in a way that is understandable to the non-specialist and too often presented without adequate consideration of a country’s governance and institutional capacity. Government Budgeting and Expenditure Management fills a gap in the literature to redress these failings and does so in comparative international perspective.&#13;
&#13;
This book provides a comprehensive but pithy and easy-to-understand treatment of public financial management, taking into account a variety of special issues including budgeting in post-conflict situations, at subnational government levels, for military/security expenditures, and in countries with large extractive revenues. Distilling the lessons of budgeting reform in countries at different levels of income and administrative capacity, each chapter gradually progresses from the basic principles to the more technical aspects and then on to implementation issues, using concrete examples and illustrations from around the globe.&#13;
&#13;
Government Budgeting and Expenditure Management is ideally suited as the primary text for advanced undergraduate or graduate courses in government budgeting or public financial management, or as a supplementary text for courses in public finance, public economics, economic development, public administration or comparative politics. With its attention to practical implementation aspects, the book will also be of direct interest to practitioners, policy-makers, and government employee training organizations.</subfield>
   <subfield code="c">Publisher</subfield>
  </datafield>
  <datafield tag="650" ind1=" " ind2="0">
   <subfield code="a">Budget.</subfield>
  </datafield>
  <datafield tag="650" ind1=" " ind2="0">
   <subfield code="a">Budget process.</subfield>
  </datafield>
  <datafield tag="650" ind1=" " ind2="0">
   <subfield code="a">Expenditures, Public.</subfield>
  </datafield>
  <datafield tag="650" ind1=" " ind2="0">
   <subfield code="a">Government spending policy.</subfield>
  </datafield>
  <datafield tag="658" ind1=" " ind2=" ">
   <subfield code="a">Public Fiscal Administration.</subfield>
   <subfield code="c">PA 131.</subfield>
  </datafield>
  <datafield tag="658" ind1=" " ind2=" ">
   <subfield code="a">Public Accounting and Budgeting.</subfield>
   <subfield code="c">PA 132.</subfield>
  </datafield>
  <datafield tag="842" ind1=" " ind2=" ">
   <subfield code="a">Book</subfield>
  </datafield>
  <datafield tag="905" ind1=" " ind2=" ">
   <subfield code="a">FO</subfield>
  </datafield>
  <datafield tag="852" ind1="0" ind2=" ">
   <subfield code="a">UPD</subfield>
   <subfield code="b">DCPA</subfield>
   <subfield code="h">HJ 2005</subfield>
   <subfield code="i">S35 2017</subfield>
  </datafield>
  <datafield tag="942" ind1=" " ind2=" ">
   <subfield code="a">Book</subfield>
  </datafield>
 </record>
</collection>
